000 00544nam a22001937a 4500
003 OSt
005 20160830151606.0
008 160830b xxu||||| |||| 00| 0 eng d
020 _a1931769559
040 _cDDC.
082 _a004.36PIR 2007
100 _aPirogov,Vlad;
_910943
245 _aMS SQL Server 2005 Developing Client/Server application:
260 _aEast Swedesford.
_bA-List,LLC;
_c2007.
300 _axii,371p;
_bill;
_c25cm.
504 _aincludes index.
650 _aClient Server Applications.
_910944
942 _2ddc
_cO_SHELF
999 _c5108
_d5108